| 000 | 01354cam a2200361 a 4500 | ||
|---|---|---|---|
| 001 | 521 | ||
| 005 | 20230516112955.0 | ||
| 008 | 121025s2013 nyua c 000 1 eng | ||
| 020 | _a9781423150640 (alk. paper) | ||
| 040 |
_aDLC _cDLC _dDLC _beng |
||
| 050 | 0 | 0 |
_aPZ7.M16254 _bCls 2013 |
| 082 | 0 | 0 |
_a813.6 _223 |
| 100 | 1 | _aMellom, Robin. | |
| 245 | 1 | 4 |
_aThe classroom : _bStudent Council smackdown! / _cDirected by Robin Mellom ; filmed by Stephen Gilpin. |
| 250 | _a1st ed. | ||
| 260 |
_aNew York : _bDisney/Hyperion, _c2013. |
||
| 300 |
_a282 pages : _bcolor illustrations ; _c22 cm. |
||
| 505 | _aM | ||
| 520 | _aChronicles the race for seventh-grade class president at Westside Middle School as suddenly-popular documentary-film subject Trevor Jones faces his best friend Libby Gardner and Cindy Applegate, the official school gossip. | ||
| 521 |
_a720
_bLexile |
||
| 521 |
_aM
_bRaz-Plus |
||
| 650 | 1 |
_aMiddle schools _vFiction. |
|
| 650 | 1 |
_aSchools _vFiction. |
|
| 650 | 1 |
_aPopularity _vFiction. |
|
| 650 | 1 |
_aElections _vFiction. |
|
| 650 | 1 |
_aPolitics, Practical _vFiction. |
|
| 650 | 1 |
_aBest friends _vFiction. |
|
| 650 | 1 |
_aFriendship _vFiction. |
|
| 650 | 1 |
_aDocumentary films _xProduction and direction _vFiction. |
|
| 700 | 1 |
_aGilpin, Stephen, _eill. |
|
| 906 |
_a7 _bcbc _corignew _d1 _eecip _f20 _gy-gencatlg |
||
| 942 |
_2ddc _cBK _n0 |
||
| 999 |
_c521 _d521 |
||